Pokemon featured in the card set Temporal Forces - Statistics

General Stats
  • This quiz has been taken 2 times
  • The average score is 62 of 135
Answer Stats
Pokedex Number Answer % Correct
25 Pikachu
100%
24 Arbok
50%
184 Azumarill
50%
374 Beldum
50%
836 Boltund
50%
947 Brambleghast
50%
946 Bramblin
50%
286 Breloom
50%
437 Bronzong
50%
436 Bronzor
50%
838 Carkol
50%
318 Carvanha
50%
851 Centiskorch
50%
737 Charjabug
50%
441 Chatot
50%
573 Cinccino
50%
839 Coalossal
50%
546 Cottonee
50%
159 Croconaw
50%
742 Cutiefly
50%
585 Deerling
50%
301 Delcatty
50%
781 Dhelmise
50%
780 Drampa
50%
529 Drilbur
50%
578 Duosion
50%
23 Ekans
50%
125 Electabuzz
50%
466 Electavire
50%
605 Elgyem
50%
530 Excadrill
50%
160 Feraligatr
50%
963 Finizen
50%
987 Flutter Mane
50%
208 Forretress
50%
873 Frosmoth
50%
92 Gastly
50%
94 Gengar
50%
203 Girafarig
50%
622 Golett
50%
623 Golurk
50%
1020 Gouging Fire
50%
388 Grotle
50%
736 Grubbin
50%
93 Haunter
50%
631 Heatmor
50%
163 Hoothoot
50%
727 Incineroar
50%
1023 Iron Crown
50%
992 Iron Hands
50%
993 Iron Jugulis
50%
1010 Iron Leaves
50%
995 Iron Thorns
50%
990 Iron Treads
50%
1006 Iron Valiant
50%
647 Keldeo
50%
1007 Koraidon
50%
380 Latias
50%
463 Lickilicky
50%
108 LIckitung
50%
725 Litten
50%
745 Lycanroc
50%
219 Magcargo
50%
183 Marill
50%
809 Melmetal
50%
808 Meltan
50%
376 Metagross
50%
375 Metang
50%
572 Minccino
50%
1008 Miraidon
50%
122 Mr Mime
50%
749 Mudbray
50%
750 Mudsdale
50%
164 Noctowl
50%
274 Nuzleaf
50%
964 Palafin
50%
519 Pidove
50%
204 Pineco
50%
77 Ponyta
50%
954 Rabsca
50%
1021 Raging Bolt
50%
26 Raichu
50%
78 Rapidash
50%
369 Relicanth
50%
953 Rellor
50%
579 Reuniclus
50%
742 Ribombee
50%
744 Rockruff
50%
837 Rolycoly
50%
315 Roselia
50%
407 Roserade
50%
989 Sandy Shocks
50%
586 Sawsbuck
50%
212 Scizor
50%
952 Scovillain
50%
985 Scream Tail
50%
123 Scyther
50%
273 Seedot
50%
319 Sharpedo
50%
492 Shaymin
50%
275 Shiftry
50%
285 Shroomish
50%
850 Sizzlipede
50%
300 Skitty
50%
218 Slugma
50%
872 Snom
50%
577 Solosis
50%
726 Torracat
50%
389 Torterra
50%
158 Totodile
50%
520 Tranquil
50%
776 Turtonator
50%
387 Turtwig
50%
521 Unfezant
50%
494 Victini
50%
738 Vikavolt
50%
1009 Walking Wake
50%
547 Whimsicott
50%
960 Wiglett
50%
961 Wugtrio
50%
835 Yamper
50%
807 Zeraora
50%
606 Beheeyem
0%
982 Dudunsparce
0%
206 Dunsparce
0%
981 Farigiraf
0%
984 Great Tusk
0%
1022 Iron Boulder
0%
303 Mawile
0%
308 Medicham
0%
307 Meditite
0%
261 Mightyena
0%
261 Poochyena
0%
1005 Roaring Moon
0%
302 Sableye
0%
No matching quizzes found
Score Distribution
Percent of People with Each Score
Percentile by Number Answered
Your Score History
You have not taken this quiz